header

Mismatch (Record no. 7428)

MARC details
000 -LEADER
fixed length control field 01401nam a2200373 a 4500
001 - CONTROL NUMBER
control field ebr10271567
003 - CONTROL NUMBER IDENTIFIER
control field CaPaEBR
006 - FIXED-LENGTH DATA ELEMENTS--ADDITIONAL MATERIAL CHARACTERISTICS--GENERAL INFORMATION
fixed length control field m u
007 - PHYSICAL DESCRIPTION FIXED FIELD--GENERAL INFORMATION
fixed length control field cr cn|||||||||
008 - FIXED-LENGTH DATA ELEMENTS--GENERAL INFORMATION
fixed length control field 060609s2006 enk sb 001 0 eng
010 ## - LIBRARY OF CONGRESS CONTROL NUMBER
Canceled/invalid LC control number 2006019107
015 ## - NATIONAL BIBLIOGRAPHY NUMBER
National bibliography number GBA647553
Source bnb
016 7# - NATIONAL BIBLIOGRAPHIC AGENCY CONTROL NUMBER
Canceled or invalid record control number 013469769
Source Uk
020 ## - INTERNATIONAL STANDARD BOOK NUMBER
Cancelled/invalid ISBN 0192806831 (alk. paper)
Cancelled/invalid ISBN 9780192806833 (alk. paper)
Cancelled/invalid ISBN 9780192806833
040 ## - CATALOGING SOURCE
Original cataloging agency CaPaEBR
Transcribing agency CaPaEBR
035 ## - SYSTEM CONTROL NUMBER
System control number (OCoLC)137238814
050 14 - LIBRARY OF CONGRESS CALL NUMBER
Classification number QH456
Item number .G58 2006eb
082 04 - DEWEY DECIMAL CLASSIFICATION NUMBER
Classification number 576.5/8
Edition number 22
100 1# - MAIN ENTRY--PERSONAL NAME
Personal name Gluckman, Peter D.
245 10 - TITLE STATEMENT
Title Mismatch
Medium [electronic resource] :
Remainder of title why our world no longer fits our bodies /
Statement of responsibility, etc Peter Gluckman and Mark Hanson.
260 ## - PUBLICATION, DISTRIBUTION, ETC. (IMPRINT)
Place of publication, distribution, etc Oxford ;
-- New York :
Name of publisher, distributor, etc Oxford University Press,
Date of publication, distribution, etc 2006.
300 ## - PHYSICAL DESCRIPTION
Extent xi, 285 p.
504 ## - BIBLIOGRAPHY, ETC. NOTE
Bibliography, etc Includes bibliographical references (p. 213-266) and index.
533 ## - REPRODUCTION NOTE
Type of reproduction Electronic reproduction.
Place of reproduction Palo Alto, Calif. :
Agency responsible for reproduction ebrary,
Date of reproduction 2013.
Note about reproduction Available via World Wide Web.
-- Access may be limited to ebrary affiliated libraries.
650 #0 - SUBJECT ADDED ENTRY--TOPICAL TERM
Topical term or geographic name as entry element Ecological genetics.
Topical term or geographic name as entry element Evolution (Biology)
Topical term or geographic name as entry element Genotype-environment interaction.
655 #7 - INDEX TERM--GENRE/FORM
Genre/form data or focus term Electronic books.
Source of term local
700 1# - ADDED ENTRY--PERSONAL NAME
Personal name Hanson, Mark A.
710 2# - ADDED ENTRY--CORPORATE NAME
Corporate name or jurisdiction name as entry element ebrary, Inc.
856 40 - ELECTRONIC LOCATION AND ACCESS
Uniform Resource Identifier <a href="http://site.ebrary.com/lib/rucke/Doc?id=10271567">http://site.ebrary.com/lib/rucke/Doc?id=10271567</a>
Public note An electronic book accessible through the World Wide Web; click to view

No items available.

© 2026 Rongo University
Contact us: librarian | system librarian | Rongo university